top 10 countries by lemon/lime production - Statistics

General Stats
  • This quiz has been taken 896 times
  • The average score is 7 of 10
Answer Stats
Hint Answer % Correct
7 United States
90%
4 Brazil
84%
6 China
80%
2 Mexico
80%
1 India
71%
5 Spain
71%
10 Italy
68%
3 Argentina
59%
8 Turkey
52%
9 Iran
31%
No matching quizzes found
Score Distribution
Percent of People with Each Score
Percentile by Number Answered
Your Score History
You have not taken this quiz